Statistiques concernant Mots cachés n°17

Cliquez ici pour prendre le quiz!

Statistiques générales

  • Ce quiz a été pris 112 fois
  • Le résultat moyen est 24 sur 25

Statistiques - réponses

QuestionTuileSelect% Correct
croix, foie, furet et soi.BNon
100%
croix, foie, furet et soi.LNon
100%
croix, foie, furet et soi.NNon
100%
croix, foie, furet et soi.PNon
100%
croix, foie, furet et soi.ANon
99%
croix, foie, furet et soi.ENon
98%
croix, foie, furet et soi.CNon
97%
croix, foie, furet et soi.IOui
97%
croix, foie, furet et soi.RNon
97%
croix, foie, furet et soi.ROui
97%
croix, foie, furet et soi.SNon
97%
croix, foie, furet et soi.TNon
97%
croix, foie, furet et soi.FOui
96%
croix, foie, furet et soi.XOui
96%
croix, foie, furet et soi.EOui
95%
croix, foie, furet et soi.IOui
94%
croix, foie, furet et soi.ONon
94%
croix, foie, furet et soi.COui
93%
croix, foie, furet et soi.OOui
93%
croix, foie, furet et soi.OOui
93%
croix, foie, furet et soi.UOui
93%
croix, foie, furet et soi.EOui
92%
croix, foie, furet et soi.OOui
92%
croix, foie, furet et soi.SOui
92%
croix, foie, furet et soi.TOui
91%

Distribution des résultats

Percentile par nombre de réponses

% des personnes avec chaque résultat

Votre développement - résultats

Vous n’avez pas pris ce quiz